| 000 | 00640nam a2200181 i 4500 | ||
|---|---|---|---|
| 001 | 120887 | ||
| 003 | ES-MaACL | ||
| 005 | 20230906191638.0 | ||
| 007 | t| | ||
| 008 | 070214s1922 po r ||||1| por d | ||
| 100 | 1 |
_aPratas, Joaquín. _993684 |
|
| 245 | 1 | 0 |
_aA questo das carnes _b: relatório apresentado áa Comisso de Abastecimento de Talhos / _cpor seu presidente, Dr. Joaquim Pratas. |
| 260 |
_aLisboa : _bCámara Municipal, _c1922. |
||
| 300 |
_a200 p., 11 lám. ; _c22 cm. |
||
| 500 | _aPrecede al tít.: Cámara Municipal de Lisboa, 1919 - 1922. | ||
| 710 | 2 |
_aLisboa. _bCámara Municipal. _95544 |
|
| 852 |
_aES-MaACL _jA-1366 |
||
| 999 |
_c120887 _d120887 |
||